000 01596nam a2200385Ia 4500
001 ebr10113874
003 CaPaEBR
006 m u
007 cr cn|||||||||
008 040113s2004 bcc sb 001 0 eng d
020 _z0774809469
040 _aCaPaEBR
_cCaPaEBR
035 _a(OCoLC)180772850
050 1 4 _aHQ1236 .5.C2
_bM353 2004eb
082 0 4 _a342.7108/5
_222
100 1 _aManfredi, Christopher P.
245 1 0 _aFeminist activism in the Supreme Court
_h[electronic resource] :
_blegal mobilization and the Women's Legal Education and Action Fund /
_cChristopher P. Manfredi.
260 _aVancouver :
_bUBC Press,
_cc2004.
300 _axx, 247 p.
490 1 _aLaw and society series
504 _aIncludes bibliographical references and index.
533 _aElectronic reproduction.
_bPalo Alto, Calif. :
_cebrary,
_d2009.
_nAvailable via World Wide Web.
_nAccess may be limited to ebrary affiliated libraries.
610 1 0 _aCanada.
_tCanadian Charter of Rights and Freedoms.
610 2 0 _aWomen's Legal Education and Action Fund.
610 1 0 _aCanada.
_bSupreme Court.
650 0 _aEquality before the law
_zCanada.
650 0 _aFeminism
_zCanada.
650 0 _aWomen
_xLegal status, laws, etc.
_zCanada.
650 0 _aConstitutional history
_zCanada.
650 0 _aSociological jurisprudence.
655 7 _aElectronic books.
_2local
710 2 _aebrary, Inc.
830 0 _aLaw and society series (Vancouver, B.C.)
856 4 0 _uhttp://site.ebrary.com/lib/rucke/Doc?id=10113874
_zAn electronic book accessible through the World Wide Web; click to view
999 _c105486
_d105486